[Event "West Wales Open"]
[Site "?"]
[Date "2022.11.11"]
[Round "1.9"]
[White "Tapp, James"]
[Black "Buttell, David"]
[Result "1-0"]
[WhiteElo "1956"]
[BlackElo "1712"]
[Annotator "kemen"]
[PlyCount "91"]
[SourceVersionDate "2022.11.14"]

{[%evp 0,10,16,28,27,35,49,49,49,39,74,44,81]} 1. d4 Nf6 2. Bf4 g6 (2... e6 3.
e3 c5 4. c3 Nc6 5. Nf3 d5 6. Bd3 Bd6 {Mihasi-Buttell, EU cup Rhodes 2013,1-0})
3. Nc3 Bg7 (3... d5 {alternative} 4. e3 Bg7 5. h4 c5 6. Nf3 Nc6 7. Be2 Bf5 {
Tapp-Putar, 4NCL online 2021,0-1}) 4. e4 d6 5. Qd2 h6 (5... Nbd7 6. O-O-O e6 7.
Be2 h5 8. h3 a6 9. e5 dxe5 10. dxe5 Nh7 11. Nf3 Qe7 12. Ne4 Nb6 13. Bh6 Bxh6
14. Qxh6 Qf8 15. Qd2 Bd7 16. Nfg5 O-O-O 17. Nxh7 Rxh7 18. Qe3 $16 {Tapp-R
White, 4NCL online 2021,0-1}) (5... O-O 6. O-O-O c6 7. Bh6 b5 {main}) 6. Nf3 (
6. O-O-O {main, 63 % for Wh}) 6... c6 (6... g5 {5-2-6}) 7. Be2 $146 (7. h3 {
Cloud Engines; 50%}) (7. O-O-O {2-4-4}) 7... b5 8. a3 a6 9. Rd1 Bb7 10. O-O g5
11. Be3 Nbd7 {This Hippopotamous setup often gives Bl good chances of a
counter attack, but here Wh is ready to strike in the centre} 12. e5 $18 {
KomodoDragon3} Ng4 (12... Nd5 13. Nxd5 cxd5 14. exd6 exd6 (14... e6 15. Rfe1
Bf8 16. Ne5 Bxd6 17. Bh5 O-O (17... Rf8 18. Nxf7 Rxf7 19. Bxg5 Qxg5 20. Rxe6+
Kf8 21. Qxg5 Bxh2+ 22. Kxh2 hxg5 23. Bxf7 Kxf7 24. Rde1 $18)) 15. Ne1 Qe7 16.
g3 O-O 17. f4 $18 {KD3}) 13. exd6 (13. Nxg5 hxg5 (13... Nxe3 14. Ne6 Nxf1 (
14... fxe6 15. Bh5+ Kf8 16. fxe3+ $18)) 14. Bxg4 $18 {KD3}) (13. e6 $1 Ndf6 14.
exf7+ Kxf7 15. Qd3 Qc8 16. h3 Nxe3 17. fxe3 Rf8 18. Ne4 Kg8 19. Nfxg5 $18 {
KD3- Engines are ruthless in attacking a weakened pawn structure}) 13... exd6
14. Nxg5 $1 $18 Nxh2 (14... Nxe3 15. Qxe3+ Qe7 16. Nge4 O-O-O 17. Ng3 $18 {KD3}
) 15. Rfe1 (15. Nge4 Nxf1 16. Nxd6+ Kf8 17. Rxf1 $18 {KD3}) 15... hxg5 16. Bxg5
Nf6 17. Bf4 Kd7 (17... Kf8 $5 18. Bxh2) 18. Bxh2 Rxh2 {when in a lost position,
one may as well cause chaos-Speelman} 19. Kxh2 Qh8+ 20. Kg1 Bh6 21. Qd3 Kc7 22.
Qf5 {loses time} (22. Bf1) 22... Bc8 23. Qd3 Bf4 24. g3 (24. Bf3 Qh2+ 25. Kf1
Be6 26. Rxe6 fxe6 27. g3 Bg5 28. Re1 $18 {KD3} Re8 (28... Rf8 29. Ne4 Nxe4 30.
Qxe4 d5 31. Qe5+ Kb6 32. Bg2 $18) 29. Qg6 Qh6 30. Qf7+ Kb6 31. d5) 24... Bh3 (
24... d5 25. Bf3 Bd6 {retreating in order may be best, but Wh will slowly
advance his pieces to better squares}) 25. Bf1 Rg8 26. Ne2 (26. Qf3 $1 Bg5 27.
Bxh3 Qxh3 28. Re7+ Nd7 29. Rxf7 $18 {KD3}) 26... Bxf1 27. Rxf1 Ng4 28. Kg2 {
forced} Qh2+ 29. Kf3 Be5 30. Qf5 f6 (30... Bf6 31. Nf4 Nxf2 32. Rxf2 Qxg3+ 33.
Ke2 Re8+ 34. Kf1 Bh4 35. Nd3 {KD3- and Wh's position holds}) 31. Qxg4 $1 Rxg4
32. Rh1 Qxh1+ 33. Rxh1 Rg7 34. dxe5 $18 dxe5 35. Rh6 Rf7 36. Ke4 a5 37. g4 Rd7
38. Ke3 (38. Rxf6 Rd2 39. Ng3 Rd4+ 40. Kf3 {KD3- the g pawn wins}) 38... Rf7
39. Nc3 f5 40. g5 Rg7 41. f4 exf4+ 42. Kxf4 Rd7 43. Rh2 (43. g6) 43... b4 44.
axb4 axb4 45. Na4 Rd5 46. g6 1-0

[Event "West Wales Open"]
[Site "?"]
[Date "2022.11.11"]
[Round "1.11"]
[White "Van Kemenade, R."]
[Black "Thomas, Roy"]
[Result "1-0"]
[WhiteElo "1940"]
[BlackElo "1659"]
[Annotator "kemen"]
[PlyCount "67"]
[EventDate "2022.11.11"]
[SourceVersionDate "2022.11.14"]

{[%evp 0,67,16,28,46,44,47,47,84,48,59,18,5,12,18,-5,19,5,21,47,58,33,82,3,12,
14,44,57,54,58,44,33,18,44,45,-10,-5,16,16,58,53,51,105,130,212,226,262,244,
302,303,327,331,330,274,275,261,326,326,575,611,611,521,514,527,532,507,514,
496,853,878]} 1. e4 c5 2. Nf3 Nc6 (2... d6 3. Bb5+ Bd7 4. Bxd7+ Qxd7 5. O-O Nc6
6. c3 d5 7. exd5 Qxd5 8. d4 e6 9. c4 $5 {Van Kemenade-Thomas, 4NCL 2015,1-0})
3. Bb5 d6 4. O-O Bd7 5. c3 Nf6 6. Re1 e5 (6... a6) (6... e6) 7. h3 (7. d4 cxd4
8. cxd4 exd4 9. Nxd4 Nxd4 10. Bxd7+ Qxd7 11. Qxd4 {85% for Wh}) 7... Be7 8. d4
cxd4 (8... Qc7 9. d5 {4.5-0.5}) 9. cxd4 a6 (9... O-O) 10. Bf1 O-O 11. a4 (11.
Nc3 {main} Rc8 (11... b5 12. a3 Rb8 13. d5 Na5 14. Na2 Nc4 15. b3 Nb6 16. Nb4 {
Van Kemenade-Velasquez MA, Arena 2019,1-0})) 11... Rc8 (11... exd4 12. Nxd4 d5
13. Nxc6 (13. e5 Ne4 {0.5-2.5}) 13... Bxc6 14. e5 Ne4 15. Be3 {Nguyen-Lo, Ho
Chi Minh city zt, 2009,1-0}) 12. Nc3 (12. d5 Nb4 13. Na3 a5 14. Bd2 Rb8 15. Bc3
$18 {KomodoDragon3}) 12... Na5 {an interesting pawn sacc, which Wh might be
best declining} 13. dxe5 (13. d5 Qb6 14. Ra3 h6 15. Bd3 $16 {KD3}) 13... dxe5
14. Nxe5 Be6 15. Be3 Bb4 (15... Qxd1 16. Raxd1 Bb3 17. Rc1 h6 18. f3 $16 {KD3})
16. Qxd8 Rfxd8 17. Bg5 (17. f3 $16 {Wh's first idea}) 17... Bxc3 (17... Nb3 18.
Rab1 h6 19. Bf4 Bxc3 20. bxc3 Rxc3 21. Ng4 Bxg4 22. hxg4 Nxg4 23. f3 g5 24. Bg3
Rd7 $11 {KD3}) 18. bxc3 Rxc3 (18... h6 $11 {KD3}) 19. Rad1 Rxd1 (19... Rcc8 20.
f3 $14) (19... Rdc8 20. Bd2 $18) 20. Rxd1 h6 $2 {safeguarding the back rank-
but Wh now has two excellent retreating moves} (20... Rc8 21. f3 $14 {KD3}) 21.
Bd2 Rc5 (21... Nxe4 {may be best, though} 22. Bxc3 Nxc3 23. Rd8+ Kh7 24. Nd7
$18) 22. Nd3 $18 Rc4 23. e5 (23. Bxa5 Rxa4 24. Be1 Nxe4 25. f3 Nf6 26. Nc5 Ra3
27. Nxe6 fxe6 28. Rd6 Kf7 29. Bc4 $18 {KD3}) 23... Rxa4 24. exf6 (24. Nc5 {
looks a good alernative, though KD3 favours the text}) 24... Nb3 25. Be3 (25.
Bc3 Rc4 {expected, but} 26. Nc5 $1 Rxc5 27. Rd8+ Kh7 28. fxg7 f6 29. g8=Q+ Bxg8
30. Rd7+ Kg6 31. Bd3+ Rf5 32. g4 $18 {KD3}) 25... gxf6 26. Rb1 {Wh keeps
chasing the N} (26. Nf4 Kf8 27. Nxe6+ fxe6 28. Bxh6+ (28. Rd7)) 26... b5 27.
Nf4 Nd4 (27... Bc4 28. Rd1 (28. Bxc4 bxc4 29. Nd5 Kg7 30. Nb6 Rb4 31. Nxc4 Rxc4
32. Rxb3 {planned by Wh}) 28... Ra1 29. Rxa1 Nxa1 30. Bxc4 bxc4 31. Nd5 $18 {
KD3}) 28. Rd1 Nc2 (28... Nc6 29. Rd6) (28... Nf5 29. Rd8+ Kh7 (29... Kg7 30.
Nh5+ Kh7 (30... Kg6 31. Rg8+ Ng7 (31... Kxh5 32. Be2+ Kh4 33. g3+ Nxg3 34.
fxg3+ Kxh3 35. Bf1#)) 31. Bd3 Rh4 32. Nxf6+ Kg6 33. Ng4 f6 34. Rd6 $18 {KD3}))
29. Rd8+ Kg7 30. Bd3 {threatens mate} (30. Nh5+ Kg6 31. Rg8+ $1 Kf5 32. Bd3+
Ke5 33. Bxc2 {KD3}) 30... Rxf4 31. Bxf4 Nb4 32. Be2 (32. Be4 f5 33. Bf3 {
KD3, but Wh is a R up anyway}) 32... Nd5 33. Bd6 Nc3 34. Bd3 (34. Bd3 f5 35.
Be5+ {finally picks off the N}) 1-0

[Event "West Wales Open"]
[Site "?"]
[Date "2022.11.11"]
[Round "1.12"]
[White "Sipho, Donovan"]
[Black "Jukes, Sam"]
[Result "0-1"]
[WhiteElo "1640"]
[BlackElo "1921"]
[Annotator "kemen"]
[PlyCount "58"]
[EventDate "2022.11.11"]
[SourceVersionDate "2022.11.14"]

{[%evp 0,12,14,2,20,28,47,20,-10,-10,-10,-15,14,-10,22]} 1. c4 b6 2. Nc3 Bb7 3.
e4 e5 (3... e6 {main}) 4. Nf3 Nc6 5. Be2 Bc5 6. O-O Nge7 (6... d6 {main}) 7.
Na4 $146 (7. Nxe5 Nxe5 {Cloud Engines} 8. d4 Bd6 9. dxe5 Bxe5 10. Nd5 $14 {
1-2-1}) (7. d3 d6 {4-4-3}) 7... d6 8. Nxc5 bxc5 $17 (8... dxc5 $17 {Cloud
Engines}) 9. d3 O-O 10. Nd2 Nd4 11. f4 exf4 12. Rxf4 Ng6 (12... f5 13. Bh5 Ng6
14. Bxg6 hxg6 15. Nb3 Ne6 16. Rf2 Qh4 $19 17. Qe2 {KomodoDragon3}) 13. Rf1 f5
$19 14. exf5 Nxf5 15. Ne4 Nd4 (15... Qe7 {KD3}) 16. Bg5 Qd7 17. Bg4 Rxf1+ 18.
Kxf1 Rf8+ (18... Qe8) (18... Qf7+ {good alternatives}) 19. Kg1 Qf7 20. b3 Bxe4
21. dxe4 Qf2+ 22. Kh1 Ne5 {in a static pawn structure the two Ns are far
superior to the two Bs} 23. Bh3 h6 24. Bd2 Nc2 $1 (24... Nef3 {looked at by
Rudy sitting at the adjacing board, also seems to work, but the text is the
very best} 25. Bxh6 (25. gxf3 Nxf3 26. Bg2 Nxd2 $19) 25... Rf6 $1 {KD3} 26.
Bxg7 Kxg7 27. gxf3 Nxf3 28. Bg2 Nxh2 29. Qg1 Ng4 $19 {but with much less
advantage than the text}) 25. Rb1 Nd3 26. g3 Na3 (26... Ne3 $1 {KD3} 27. Be6+ (
27. Bxe3 Qxe3 28. Qg1 Nf2+ 29. Kg2 Qxe4+ 30. Kf1 Nxh3+ 31. Qf2 Rxf2#) 27... Kh8
28. Bxe3 Qxe3 29. Bf5 Nf2+ 30. Kg2 Nxd1 $18 {KD3}) 27. Ra1 Qd4 28. Be1 Qxe4+ (
28... Nc2 29. Qxc2 Qxa1 {KD3}) 29. Bg2 (29. Kg1 Qd4+ 30. Kg2 Kh8 $1 31. Bg4
Nxe1+ 32. Qxe1 Nc2 $19 {KD3}) 29... Rf1# 0-1

[Event "West Wales Open"]
[Site "?"]
[Date "2022.11.11"]
[Round "1.13"]
[White "Evans, Nicholas"]
[Black "Bennett, Tom"]
[Result "1-0"]
[WhiteElo "1911"]
[BlackElo "1616"]
[Annotator "kemen"]
[PlyCount "125"]
[EventDate "2022.11.11"]
[SourceVersionDate "2022.11.14"]

{[%evp 0,18,34,28,22,35,59,34,34,22,18,15,15,15,32,19,32,43,39,47,68]} 1. d4
Nf6 2. Nf3 d6 3. c4 c6 4. g3 Bg4 (4... Nbd7 {main}) 5. Bg2 Nbd7 6. Nc3 e5 7.
O-O Be7 8. h3 Bh5 9. Be3 (9. Nh4 {main}) 9... Qc7 10. Rc1 O-O 11. Nh2 (11. Nh4
{Cloud Engines} Ne8 12. Nf5 Bf6 13. d5 Bg6 14. Qc2 Bxf5 15. Qxf5 g6 16. Qd3 Bg7
17. dxc6 bxc6 18. Nb5 {Prado-Cerna, CADAP qual ICCF 2008,1-0}) (11. b4 exd4 12.
Nxd4 c5 13. Nf5 Ne5 14. g4 {Pyke-Forace, Melbourne rating 2002,1-0}) 11... h6
12. f4 (12. d5 $14) 12... exf4 13. Bxf4 $11 (13. gxf4 $11) 13... Qb6 14. Qd2 (
14. b3 {KomodoDragon3 & Fritz15}) 14... Rfe8 15. Kh1 Bg6 $15 (15... d5 $15) 16.
e4 Nh5 $11 {Fritz15} (16... Qb4 $15 {KD3 & Stockfish15}) 17. Ng4 Nxf4 18. gxf4
Nf6 19. Nxf6+ (19. Rcd1 $11 {KD3}) 19... Bxf6 20. e5 dxe5 21. dxe5 Rad8 $17 22.
Qe2 Bd3 23. Qg4 Bxf1 $19 24. Rxf1 Be7 25. Be4 Qxb2 26. Rg1 Bf8 27. Qg3 Qd2 (
27... Rd4 $19 {KD3}) 28. f5 Qg5 29. Qf3 Qe7 30. e6 f6 (30... Qf6 {Fritz15 & KD3
}) 31. Qf4 Qd6 (31... Rd4) 32. Qxh6 Qd2 (32... Qe5 33. Qg6 Re7 $19 {Fritz15 &
KD3}) 33. Qxf6 $11 Qe3 (33... Kh8 34. Qg6 Qh6 $11) 34. Qf7+ (34. Qh4 {both
Engines} Rd3 (34... Qxc3 35. f6 $18) 35. Bxd3 Qf3+ 36. Rg2 Be7 37. Qg4 Qxg4 38.
hxg4 Rd8 $18 {KD3}) 34... Kh8 35. Qh5+ Qh6 36. Qf3 $2 (36. Qxh6+ gxh6 37. Rg6
Rd4 38. Bc2 Rxc4 39. Ne4 Rc8 (39... Rxc2 40. Nf6 $18) 40. Bd3 Rd4 41. Rg3 Be7
$11 {KD3}) 36... Bc5 $19 37. Rf1 Qe3 (37... Rd4 $19 {KD3}) 38. Qh5+ Qh6 39. Bf3
Qxh5 40. Bxh5 Re7 (40... Rf8) 41. Ne4 Be3 42. Rf3 Rd1+ 43. Kg2 Rg1+ 44. Kh2 Re1
45. Nd6 Re2+ (45... Kg8 $11 {both Engines}) 46. Kg3 Bc5 (46... Kg8) 47. Nf7+
Kg8 48. Kf4 (48. Rd3 Re3+ 49. Rxe3 Bxe3 50. Kf3 Bd4 $11 {both Engines}) 48...
Rf2 (48... Rd2 $11) (48... Rc7 $11) 49. Rxf2 Bxf2 50. Ne5 $18 Bc5 51. Bf7+ Kh7
52. Nd7 {Fritz15} (52. h4 $1 {KD3}) 52... Bd6+ 53. Kg5 Rxd7 54. exd7 Be7+ 55.
Kf4 {the opposite colour Bs don't draw, because Wh's K is extra active} b5 56.
c5 (56. Ke5) 56... a5 57. Ke5 b4 58. Ke6 Bf6 59. Kd6 a4 60. Kxc6 Kh6 61. Kc7
Kg5 62. d8=Q Bxd8+ 63. Kxd8 1-0

[Event "West Wales Open"]
[Site "?"]
[Date "2022.11.12"]
[Round "2.1"]
[White "Gay, Simon"]
[Black "Golding, Alex"]
[Result "0-1"]
[WhiteElo "1946"]
[BlackElo "2312"]
[Annotator "kemen"]
[PlyCount "78"]
[EventDate "2022.11.11"]
[SourceVersionDate "2022.11.14"]

{[%evp 0,19,19,31,76,64,81,77,75,52,62,38,36,34,40,50,48,47,27,27,92,43]} 1. e4
d6 2. d4 Nf6 3. Nc3 Nbd7 4. f4 e5 5. fxe5 (5. Nf3 {main}) 5... dxe5 6. dxe5
Nxe5 7. Qxd8+ Kxd8 8. Bg5 c6 9. O-O-O+ Ke8 (9... Kc7 {main}) 10. Be2 (10. Nf3 {
3-4}) 10... Be7 11. h3 (11. Nf3 Nfg4 12. Bxe7 Kxe7 13. Nxe5 Nxe5 14. Rd4 Rd8 {
Klimus-Kincl, Olexa memorial 1996,0-1}) 11... Nfd7 12. Bxe7 Kxe7 13. Nf3 f6 $15
{KomodoDragon3} (13... Nxf3 {Hater-Laudage, Ruhrgebiet VK3, 2012, draw agreed})
14. Rd2 Nf7 (14... h5 {KD3}) 15. Rhd1 Nde5 16. Bf1 h5 17. b3 h4 18. Ne2 g6 19.
Nf4 Be6 (19... g5 20. Nxe5 Nxe5 21. Nd3 Nxd3+ 22. cxd3 c5 23. Rc2 b6 24. d4 $11
{KD3}) 20. Nxe5 Nxe5 21. Nxe6 Kxe6 22. Rd6+ Kf7 23. Be2 {Wh has a bad B all of
his pawns on the same colour; and has a N to exploit this} Kg7 24. c4 Rae8 25.
Kc2 Re7 26. Rd8 Rxd8 27. Rxd8 Rd7 28. Rxd7+ Nxd7 $19 {evaluation by KD3} 29.
Kc3 c5 30. Kd3 Ne5+ 31. Ke3 g5 32. Kf2 Kf7 33. Ke3 Ke6 34. Bd1 Ng6 35. Bh5 Nf4
36. Bg4+ Ke5 37. Bf3 b6 38. a3 a6 39. Kf2 Kd4 0-1

[Event "West Wales Open"]
[Site "?"]
[Date "2022.11.12"]
[Round "2.2"]
[White "Zeidler, Sven P"]
[Black "Tapp, James"]
[Result "1/2-1/2"]
[WhiteElo "2148"]
[BlackElo "1956"]
[Annotator "kemen"]
[PlyCount "120"]
[EventDate "2022.11.11"]
[SourceVersionDate "2022.11.14"]

{[%evp 0,27,25,25,46,48,48,28,20,26,26,0,0,-1,3,-2,14,0,19,19,35,44,45,30,52,
52,52,36,35,35]} 1. e4 c5 2. Nc3 Nc6 3. f4 g6 4. Nf3 Bg7 5. Bb5 Nd4 6. O-O Nxb5
7. Nxb5 d5 8. e5 {Zeidler 1-4-1} (8. exd5 {main}) 8... a6 9. Nc3 Bg4 (9... d4 {
alternative}) 10. d4 cxd4 11. Qxd4 Bxf3 (11... e6 12. Qb4 b5 13. Be3 Bf8 14.
Bc5 Bxc5+ 15. Qxc5 Rb8 16. Qc6+ Qd7 17. Qxd7+ Kxd7 18. Ng5 Nh6 19. h3 b4 20.
Nxd5 exd5 21. hxg4 Ke7 22. Rfd1 {Zeidler-Savory,4NCL 2005,1-0}) 12. Rxf3 e6 13.
Qb4 b5 14. Be3 Bf8 (14... Ne7 {4 draws}) 15. Bc5 Bxc5+ 16. Qxc5 Ne7 (16... Rc8
17. Qa7 Ra8 18. Qf2 Ne7 19. Rd1 Qc7 20. Rd2 {Ringoir-De Haan, BEL ch tm 2009,
draw agreed}) 17. Rd1 Qc8 (17... Rc8 18. Qa7 Ra8 19. Qc5 Qc8 20. Qf2 O-O 21. g4
Qc7 22. Rd2 Qa7 23. Ne2 Qxf2+ 24. Kxf2 Nc6 {Cuellar Elisvan-Hernandez Sanchez,
S American ch U20, Asuncion 2012,1/2-1/2}) 18. Qf2 h5 $15 (18... b4 19. Na4 Qc7
$15 {KomodoDragon3}) 19. Rh3 O-O (19... b4 20. Na4 Qc6 21. b3 O-O $17 {KD3})
20. g4 hxg4 $19 21. Rg3 Qc7 (21... Nf5 22. Rxg4 b4 23. Na4 Qc6 24. b3 Rac8 25.
Rd2 Kg7 26. Rg2 d4 27. Nb2 Qc3 28. Nc4 Ne3 $19 {KD3}) 22. Rxg4 Nf5 23. Rd3 Qa7
(23... Kg7 $1) 24. Ne2 Kg7 (24... Rfc8 25. c3 b4 $19 {KD3- the Wh Rs are
static, the Bl ones have possible targets} 26. cxb4 Qxf2+ 27. Kxf2 Rc2 28. Kf3
Rxb2 $19) 25. Nd4 Nxd4 26. Rxd4 Rac8 $15 (26... Rh8 $17) 27. c3 Rc4 (27... Qd7
$15) 28. f5 exf5 29. Qxf5 Rxd4 (29... Qb6 $11) 30. Qf6+ Kg8 31. cxd4 (31. Rxd4
Rb8 32. Kg2 Rb6 33. Qd8+ Kg7 34. a3 $14 {KD3} (34. Qxd5 Re6 $11) (34. Rxd5 Re6
$11)) 31... Qc7 $11 32. Rf4 (32. e6 Qc1+ 33. Kg2 Qd2+ 34. Kf3 Qd3+ 35. Kg2 Qe2+
$11 {KD3}) 32... Qc1+ 33. Rf1 Qe3+ 34. Qf2 Qxf2+ (34... Qg5+) 35. Rxf2 Rc8 $11
{(draw?)} 36. Kg2 Rc4 37. Rd2 a5 38. Kf3 a4 39. Ke3 Kg7 40. Rf2 b4 41. Kd3 a3
42. h4 axb2 43. Rxb2 Rc3+ 44. Ke2 Rc4 45. Ke3 f6 (45... Rc3+) 46. exf6+ Kxf6
47. Rf2+ Ke6 48. Rg2 Kf6 49. Rg5 Rc3+ 50. Kf4 Ra3 51. Rxd5 Rxa2 52. Rd6+ Kf7
53. Rb6 Rf2+ 54. Ke5 Rf5+ 55. Ke4 Rh5 56. Rxb4 Rxh4+ {(draw?)} 57. Ke5 g5 58.
Rb7+ Ke8 59. d5 Rh6 60. Rg7 g4 1/2-1/2

[Event "West Wales Open"]
[Site "?"]
[Date "2022.11.12"]
[Round "2.3"]
[White "Jukes, Sam"]
[Black "Golding, James"]
[Result "1/2-1/2"]
[WhiteElo "1921"]
[BlackElo "2096"]
[Annotator "kemen"]
[PlyCount "45"]
[EventDate "2022.11.11"]
[SourceVersionDate "2022.11.14"]

{[%evp 0,10,28,34,25,13,9,11,20,15,19,1,9]} 1. e4 e5 2. Nf3 Nc6 3. Bc4 Nf6 4.
d3 Bc5 5. c3 a6 (5... d6 6. O-O h6 7. Bb3 Bg4 8. h3 Bh5 9. Nbd2 O-O 10. Re1 Re8
11. Nf1 Bg6 12. Be3 Bb6 13. Bxb6 axb6 14. Ne3 {Jukes-Guha, S Wales op 2015,1-0}
) 6. Bb3 d6 7. O-O Ba7 8. Nbd2 Ne7 9. Re1 Ng6 10. Nf1 O-O 11. a4 (11. Ng3) (11.
h3 {main lines}) 11... Re8 (11... c6 {2-4-2}) 12. Be3 $146 (12. h3 h6 (12... c6
13. Ng3 {55% for Wh}) 13. Ng3 {57% for Wh}) 12... Bxe3 13. Nxe3 b6 (13... c6 {
Cloud Engines}) 14. Ng5 Nh8 15. Qd2 (15. d4 h6 16. dxe5 dxe5 17. Qxd8 Rxd8 18.
Nf3 Ng6 19. Nd5 $11 {KomodoDragon3}) 15... Bb7 16. Nf5 d5 17. exd5 Nxd5 18. g3
(18. d4 h6 19. Rxe5 hxg5 20. Bxd5 Rxe5 (20... Bxd5 21. Rxd5 Qxd5 22. Qxg5 $18)
21. dxe5 Ng6 22. c4 Bxd5 23. cxd5 Nxe5 24. Rc1 Qf6 25. Ne3 Rc8 26. b4 $14 {KD3}
) 18... Qd7 19. Bxd5 (19. Nh4 Qc6 20. Ne4 Ng6 $11 {KD3}) 19... Qxd5 (19... Bxd5
$1 $19 {KD3} 20. Ne3 Bb7 21. Qd1 Rad8 22. c4 f6 23. Ne4 Nf7 24. Qf3 Kh8 25. Qh5
Rf8 26. Red1 a5 27. b3 Qc6 28. Nd5 (28. Qf3 Rd7 29. Nd5 Qe6 30. Nec3 Ng5 31.
Qe2 Qf5 {looks unclear to human eye, though KD3 +2.85 for Bl}) 28... Rxd5 29.
cxd5 Qxd5 30. Qf3 Nd8 31. Rac1 c5 32. g4 Ne6 33. Qe3 Nd4 $19 {KD3= +4.63 for
Bl; agreed Wh is passive, but still lots of play left}) 20. Ne4 Rad8 (20... f6
$17 {KD3}) 21. Qh6 $1 $11 gxh6 22. Nf6+ Kf8 23. Nxh7+ {(draw?)} 1/2-1/2

[Event "West Wales Open"]
[Site "?"]
[Date "2022.11.12"]
[Round "2.4"]
[White "Morris, Charles F"]
[Black "Van Kemenade, R."]
[Result "1-0"]
[WhiteElo "2093"]
[BlackElo "1940"]
[Annotator "kemen"]
[PlyCount "39"]
[EventDate "2022.11.12"]
[SourceVersionDate "2022.11.14"]

{[%evp 0,39,19,-12,-27,-51,-41,-50,4,13,13,24,26,-28,-28,-42,34,35,130,164,189,
197,203,209,164,215,213,169,142,165,149,176,253,308,455,423,407,440,495,486,
498,496]} 1. c4 e5 2. g3 Nc6 3. Nc3 f5 4. Nf3 (4. Bg2 {main}) 4... Nf6 5. d4 e4
6. Nh4 {main} (6. Ng5) 6... d5 (6... d6 {main} 7. Bg5 h6 (7... Be7) 8. Bxf6 (8.
Ng6 hxg5 9. Nxh8 Be6 10. d5 {Flackh-Beesk,GER cup internet 2020, 1-0}) 8...
Qxf6 9. e3 g6 {A May-Van Kemenade, S Wales Autumn 2013,0-1}) 7. Bg5 dxc4 (7...
Bb4 8. e3 O-O {main, 70% for Wh}) 8. e3 Na5 $2 (8... Bb4 9. Bxc4 Bxc3+ (9...
Bd7 10. Qb3 Qe7 11. O-O Na5 12. Bxf6 gxf6 13. Qc2 Nxc4 14. Nd5 Qd6 15. Qxc4 Ba5
16. Rac1 {li-Landa, Bundesliga 2014,1-0}) (9... Qe7 10. O-O Bxc3 11. bxc3 g6
12. Rb1 Qg7 13. f3 $18 {Mandekic-Kahlig, Fefferich op 2016,1/2-1/2}) 10. bxc3
Qe7 11. O-O Bd7 12. Rb1 O-O-O (12... b6 13. Rb5 g6 14. a4 a6 15. Rb1 $18 {KD3})
13. Qa4 Kb8 {pm analysis, but this is just winning for Wh,} 14. Nxf5 $18 {
KomodoDragon3}) (8... Bd7 9. Bxc4 Na5 10. Nd5 Nxc4 11. Bxf6 Bb4+ 12. Kf1 Nxe3+
13. fxe3 Bb5+ 14. Kg2 Qxd5 15. Bxg7 Rg8 16. Qh5+ Qf7 17. Qxf7+ Kxf7 $11 {
Itter-Figlio, IECG 1999,0-1}) 9. Bxf6 Qxf6 (9... gxf6 10. Qh5+ {Koehn-Albers,
Ruhrgebiet Regionnalliga 2015, 1-0}) 10. Qa4+ Nc6 11. d5 $18 Bd7 12. dxc6 Bxc6
13. Qxc4 O-O-O (13... g5 14. Ng2 O-O-O {is an improvement for Bl, but Wh is a
comfortable piece ahead} 15. Qb3 Bg7 (15... Bd6 16. O-O-O) 16. Bb5 Bxb5 17.
Qxb5 Kb8 18. O-O $18 {KD3}) 14. Bh3 g6 15. O-O Bd6 (15... Kb8 16. b4 $18 {
pm analysis}) 16. Nxe4 Qxb2 17. Nxf5 gxf5 18. Bxf5+ Kb8 19. Rab1 Bb5 20. Qxb5
1-0

[Event "West Wales Open"]
[Site "?"]
[Date "2022.11.12"]
[Round "2.5"]
[White "Musson, Adam J"]
[Black "Shelgaonkar, Yogesh Vivek"]
[Result "0-1"]
[WhiteElo "1996"]
[BlackElo "1375"]
[Annotator "kemen"]
[PlyCount "68"]
[EventDate "2022.11.12"]
[SourceVersionDate "2022.11.14"]

{[%evp 0,20,80,31,103,53,44,24,76,38,28,36,36,4,14,13,16,7,16,-17,-8,-8,22]} 1.
e4 c5 2. Nc3 Nc6 3. Bb5 g6 (3... Nd4 {main}) 4. Bxc6 dxc6 5. d3 Bg7 6. f4 {
63 % for Wh} (6. Be3 b6 7. Qd2 {70% for Wh}) 6... c4 (6... Nf6 7. Nf3 O-O {main
}) 7. Nf3 Bg4 (7... cxd3 8. cxd3 Nf6 {main}) 8. O-O cxd3 9. cxd3 Qb6+ 10. Kh1
h5 $146 (10... O-O-O {3-1-1}) (10... Rd8 {1 Wh win, 2 draws}) 11. Qe2 (11. Qc2
$5) 11... Bd4 12. Nd1 Nf6 13. Be3 Bxf3 14. Rxf3 Ng4 (14... O-O-O $15) (14... h4
$15) 15. Bxd4 Qxd4 16. Rc1 O-O-O $11 17. Rc4 Qb6 18. b4 Rd4 19. a3 Rhd8 (19...
Rxc4 20. dxc4 Rd8 21. c5 Qa6 22. Qxa6 bxa6 23. Nc3 Rd4 24. h3 Nf6 $15 {
KomodoDragon3}) 20. Rxd4 Qxd4 21. Qb2 $2 (21. h3 Nf6 22. Qa2 Nxe4 23. Qxf7 Nd6
24. Qxg6 Qa1 25. Rf1 Qxa3 26. Qxh5 Qxd3 27. Re1 Nf5 28. Qf7 $11 {KD3}) 21...
Qxe4 $19 22. Qd2 Qd4 23. h3 Nf6 24. Qc2 h4 25. b5 c5 (25... Rd6) 26. Nc3 Nh5 (
26... Nd5 $1 {KD3}) 27. Ne4 b6 28. f5 Qa1+ 29. Kh2 Qe5+ 30. Kg1 gxf5 31. Ng5
Qe1+ (31... Ng3 $1 {KD3} 32. Qd1 Qf6 33. Nh7 Qd4+ 34. Kh2 Qe5 35. Kg1 f6 {
and the N is doomed}) 32. Rf1 Qe3+ 33. Kh2 Qxg5 {a much simpler solution} 34.
Qe2 Ng3 0-1

[Event "West Wales Open"]
[Site "?"]
[Date "2022.11.12"]
[Round "2.6"]
[White "Young, Alan J"]
[Black "Evans, Nicholas"]
[Result "1-0"]
[WhiteElo "2095"]
[BlackElo "1911"]
[Annotator "kemen"]
[PlyCount "55"]
[EventDate "2022.11.12"]
[SourceVersionDate "2022.11.14"]

{[%evp 0,24,51,21,31,21,12,12,14,-4,18,19,29,27,-15,-16,-13,-11,-9,-9,-9,6,-3,
-4,-10,-21,4]} 1. e4 e5 2. Nf3 Nc6 3. Bb5 Nf6 4. O-O Nxe4 5. Re1 Nd6 6. Nxe5
Be7 7. Bf1 Nxe5 8. Rxe5 O-O 9. d4 Bf6 10. Re1 Nf5 (10... Re8 {main}) 11. d5 (
11. c3 {main}) 11... d6 12. Qd3 {4 games} (12. Nd2 {120 games, still at elite
GM level}) 12... Re8 $146 {though the cloud Engines have been at work on it} (
12... Nh4 13. Nd2 $14 {but 0.5-1.5}) 13. Rxe8+ Qxe8 14. Nd2 g6 (14... c6 $11 {
Cloud Engines}) 15. Ne4 $18 Be5 16. Bg5 Kg7 17. Re1 h6 18. Bd2 Qd8 19. Kh1 (19.
g4 Nh4 20. f4 Bxg4 21. Bg2 Nxg2 22. Kxg2 $18 Bf6 23. Nxf6 {KomodoDragon3})
19... Kh7 (19... h5 20. h3 $16 {KD3}) 20. g4 (20. f4 Bg7 21. Bc3 h5 22. Bxg7
Nxg7 23. Qc3 Ne8 24. Ng5+ Kg8 25. Qh8+ Kxh8 26. Nxf7+ Kg8 27. Nxd8 Nf6 28. Ne6
Bxe6 29. dxe6 $18 {KD3}) 20... Ng7 (20... Qh4 21. h3 Ne7 22. f4 Bg7 23. f5 $18
{KD3- in all these lines Bl has an undeveloped Q side & K side pawn weaknesses}
) 21. Qh3 (21. f4 Bxb2 22. Rb1 Bf6 23. Bh3 Bd7 24. f5 $18) 21... h5 (21... Nh5
22. Qf3 Nf6 23. g5 hxg5 24. Bxg5 Bf5 25. Bd3 $18 {KD3}) 22. Qe3 Bxg4 (22... Kg8
23. Qh6 Ne8 24. gxh5 Bg7 25. Qe3 Bf5 26. Ng3 Qd7 27. Bd3 Bxd3 28. Qxd3 Nf6 29.
hxg6 fxg6 30. Qxg6 {KD3- Bl survives a little longer,but remains in trouble})
23. Qh6+ Kg8 24. Ng5 f6 {the Engine suggests} (24... Qxg5) 25. Qh7+ Kf8 26.
Qh8+ Ke7 27. Qxg7+ Ke8 28. Qf7# 1-0